000 00312nam a2200109 4500
999 _c11148
_d11148
008 181012b ||||| |||| 00| 0 eng d
245 _aDespite warnings, children brought to traslacion.
260 _aPhilippines
_bThe Philippine Star
_cc2018
300 _apage 9.
650 0 _932192
_aReligion.
942 _2ddc
_cPER